Responses for show #3681 - Monday, September 11, 2000

Contestants

[<< previous game]

Mark Staloff, an editor from Somerville, Massachusetts

Fran Balin, a business analyst from Sharon, Massachusetts

Michel Phillips, a lawyer from Smyrna, Georgia (whose 3-day cash winnings total $34,001)

[next game >>]

Jeopardy! Round responses

MEN OF SCIENCE
STREET SENSE
McNAMES
STRIPS OF CELLULOID
REALLY BAD DATES
SELF-_____
    $100 26
(Mark: What is a monkey?)
(less than a minute to go...)

Barbary ape

Mark
Triple Stumper
    $100 11
Interstate

Michel
    $100 17
James McHenry

Michel
    $100 16
The Full Monty

Mark
    $100 4
Titanic

Michel
    $100 1
Self-portrait

Michel
    $200 27
Black death

Fran
    $200 12
Circus

Fran
    $200 19
McMartin

Fran
    $200 18
(Note: On the tape, "peek" was spelled "peak")

Animal House

Mark
    $200 5
(Michel: What is Turkey?)

India

MichelFran
    $200 2
Self-defense

Michel
    $300 28
Sputnik

Mark
    $300 13
The highway

Michel
    $300 23
Ed McBain

Fran
    $300 20
Demi Moore

Michel
    $300 6
Space Shuttle Challenger

Michel
    $300 3
Self-esteem/worth

Mark
    $400 14
Belt

Mark
    $400 24
Ewan McGregor

Mark
    $400 21
Jack Nicholson

Fran
    $400 7
Italy

Fran
    $400 9
Self-rule

Fran
    $800 29
(Note: Even though the $400 clue wasn't used, Alex read the first two words before he stopped for the Daily Double clue; those two words being "Darwin's first...")
(buzzer sounds)

Mercury

Mark
    $500 15
(F: No response)

Camino

MichelFran
    $500 25
Vince McMahon

Triple Stumper
    $500 22
Nashville

Mark
    $500 8
Captain James Cook

Mark
    $500 10
Self-fulfilling

Michel

Scores at the first commercial break (after clue 15):

Michel Fran Mark
$1,900 $700 $1,200

Scores at the end of the Jeopardy! Round:

Michel Fran Mark
$2,300 $1,800 $3,400

Double Jeopardy! Round responses

VIENNA
MUSICAL THEATRE
BOOKS OF THE BIBLE
SEA CREATURES
"ROT"TEN
TO THE CORPS
    $200 11
W.A. Mozart

Michel
    $200 1
"The Lion King"

Michel
    $200 2
Proverbs

Michel
    $200 21
Moray eels

Mark
    $200 22
Rottweiler

Mark
    $200 13
John Philip Sousa

Mark
    $400 12
(Michel: Who is the prime minister?)
(Mark: Who is the chancellor?)
(F: Who is the mayor?)

President of Austria

MichelFranMark
Triple Stumper
    $400 5
"The Music Man"

Mark
    $400 3
Yom Kippur

Fran
    $400 27
Krill

Michel
    $400 23
Rotterdam

Michel
    $400 17
"Leathernecks"

Michel
    $600 14
City walls

Mark
    $600 6
"Guys and Dolls"

Fran
    $600 4
Samuel

Mark
    $600 28
Shark

Michel
    $600 24
Rotgut

Michel
    $600 18
(Michel: What is Virginia?)

South Carolina

MichelMark
    $800 15
Hotel Sacher

Mark
    $800 7
Moe

Fran
    $1,000 9
(F: Who are the Corinthians?)

Hebrews

Fran
    $800 29
(Michel: What are cilia?)

Quills

Michel
Triple Stumper
    $800 25
(less than a minute to go...)

Philip Roth

Mark
    $1,000 19
(Alex: "From the halls of Montezuma...")

Mexico City

Mark
    $1000 16
Mayerling

Triple Stumper
    $1000 8
"I Do! I Do!"

Fran
    $1000 10
Daniel

Triple Stumper
    $1000 30
Roughy

Michel
    $1000 26
(Michel: Who is Rothke?)

Mark Rothko

MichelMark
    $1000 20
Lance Corporal

Michel

Scores at the end of the Double Jeopardy! Round:

Michel Fran Mark
$4,500 $3,200 $9,400
(lock game)

[wagering suggestions for these scores]

Final Jeopardy! Round responses

AUTHORS
FranWho was Hemingway?
$3,200
MichelWho was Hemingway?
$1,901
MarkWho is Hemingway?
$399
Ernest Hemingway

Final scores:

Michel Fran Mark
$6,401 $6,400 $9,799
2nd place: Forever Resorts Northern California Houseboat Vacation 3rd place: Skagen Denmark Shopping Spree New champion: $9,799

Game dynamics:

Coryat scores:

Michel Fran Mark
$4,500 $4,200 $8,900
20 R,
5 W
12 R,
3 W
(including 1 DD)
20 R
(including 2 DDs),
2 W

Combined Coryat: $17,600

The J! Archive is created by fans, for fans. The Jeopardy! game show and all elements thereof, including but not limited to copyright and trademark thereto, are the property of Jeopardy Productions, Inc. and are protected under law. This website is not affiliated with, sponsored by, or operated by Jeopardy Productions, Inc. Join the discussion at JBoard.tv.